Who Dies? - Sudden Death - Game of Thrones - Statistics

General Stats
  • This quiz has been taken 89 times
  • The average score is 10 of 12
Answers on the Grid
Answers color-coded by a green-red scale on the quiz's grid according to % correct below.
Tywin Lannister
Catelyn Stark
Gilly
Hodor
Joffrey Baratheon
Daenerys Targaryen
Ned Stark
Bronn
Samwell Tarly
Mance Rayder
Shireen Baratheon
Oberyn Martell
Arya Stark
Bran Stark
Ygritte
Sansa Stark
Podrick Payne
Robb Stark
Roose Bolton
Tormund Giantsbane
 
Answer Stats
Answer % Correct
Ned Stark
94%
Joffrey Baratheon
92%
Catelyn Stark
91%
Hodor
89%
Daenerys Targaryen
87%
Oberyn Martell
87%
Tywin Lannister
87%
Shireen Baratheon
86%
Robb Stark
84%
Ygritte
84%
Mance Rayder
82%
Roose Bolton
78%
No matching quizzes found
Score Distribution
Percent of People with Each Score
Percentile by Number Answered
Your Score History
You have not taken this quiz